| 000 | 00000nam##2200000za#4500 |
| 001 | 9.700207 |
| 003 | CaOODSP |
| 005 | 20210625000730 |
| 007 | cr ||||||||||| |
| 008 | 150407|2003||||xxc|||||o f|0| 0 eng|d |
| 040 | |aCaOODSP|beng |
| 043 | |an-cn--- |
| 086 | 1 |aSC84-2/5555-1008E-MP3 |
| 110 | 1 |aCanada.|bPublic Service Commission of Canada. |bLanguage Training Canada. |
| 245 | 10|aInterface Canada. Book 8 audio file |h[electronic resource] |
| 246 | 1 |iAdditional title (within publication) : |aInterface Canada tests. Book 8 audio file |
| 260 | |aOttawa - Ontario : |bPublic Service Commission. |c2003. |
| 300 | |aDuration: 00:51:17 |
| 500 | |aTitle supplied by cataloguer. Comprised of sound files related to the print and PDF versions of: Interface Canada. Teacher's book 8 and Tests book 8. Contents: Unit 69, Presentation, Pt.2 -- Unit 69, Practice 3 -- Unit 70, Presentation, Conversations -- Unit 70, Presentation, Don't likes -- Unit 70, Presentation, Likes -- Unit 71, Presentation, Pt.2 -- Unit 72, Presentation, Feedback -- Unit 72, Presentation, Positive feedback -- Unit 73, Presentation, Pt.2 -- Unit 73, Practice 2 -- Unit 74, Presentation, Pt.1 -- Unit 74, Presentation, Pt.3 -- Unit 74, Practice 2 -- Unit 75, Presentation -- Unit 76, Presentation -- Unit 76, Practice 2 -- Tests, Part 1, Intro. -- Tests, Conversations. |
| 520 | 3 |aINTERFACE CANADA is a series for adults studying English as a second language. The series, which covers the beginning to upper-intermediate levels, provides a functional-notional syllabus as well as a structural syllabus. The material is designed primarily to develop speaking and listening skills, with a special emphasis on language used in the office. The INTERFACE CANADA series consists of student books 1 to 8, teacher books 1 to 8, Role Playing for Consolidation – student and teacher books, and accompanying cassettes. Each book provides approximately fifty hours of classroom instruction. |
| 590 | |a15-01-Supp|b2015-01-26 |
| 590 | |a14-52-Supp|b2014-08-22 |
| 690 | 07|aEducational resources|2gcpds |
| 690 | 07|aEnglish language|2gcpds |
| 690 | 07|aTeachers|2gcpds |
| 856 | 40|ahttp://publications.gc.ca|qMP3|s3.68 MB|uhttps://publications.gc.ca/collections/collection_2014/efpc-csps/SC84-2-5555-1008-t8-eng.mp3 |
| 856 | 40|ahttp://publications.gc.ca|qMP3|s18.1 MB|uhttps://publications.gc.ca/collections/collection_2014/efpc-csps/SC84-2-5555-1008-t8-1-eng.mp3 |
| 856 | 40|ahttp://publications.gc.ca|qMP3|s3.76 MB|uhttps://publications.gc.ca/collections/collection_2014/efpc-csps/SC84-2-5555-1008-69-2-eng.mp3 |
| 856 | 40|ahttp://publications.gc.ca|qMP3|s5.84 MB|uhttps://publications.gc.ca/collections/collection_2014/efpc-csps/SC84-2-5555-1008-69-p3-eng.mp3 |
| 856 | 40|ahttp://publications.gc.ca|qMP3|s6.39 MB|uhttps://publications.gc.ca/collections/collection_2014/efpc-csps/SC84-2-5555-1008-70-1-eng.mp3 |
| 856 | 40|ahttp://publications.gc.ca|qMP3|s3.50 MB|uhttps://publications.gc.ca/collections/collection_2014/efpc-csps/SC84-2-5555-1008-70-2-eng.mp3 |
| 856 | 40|ahttp://publications.gc.ca|qMP3|s2.74 MB|uhttps://publications.gc.ca/collections/collection_2014/efpc-csps/SC84-2-5555-1008-71-2-eng.mp3 |
| 856 | 40|ahttp://publications.gc.ca|qMP3|s3.18 MB|uhttps://publications.gc.ca/collections/collection_2014/efpc-csps/SC84-2-5555-1008-70-3-eng.mp3 |
| 856 | 40|ahttp://publications.gc.ca|qMP3|s5,82 MB|uhttps://publications.gc.ca/collections/collection_2014/efpc-csps/SC84-2-5555-1008-72-1-eng.mp3 |
| 856 | 40|ahttp://publications.gc.ca|qMP3|s2.44 MB|uhttps://publications.gc.ca/collections/collection_2014/efpc-csps/SC84-2-5555-1008-72-2-eng.mp3 |
| 856 | 40|ahttp://publications.gc.ca|qMP3|s2.12 MB|uhttps://publications.gc.ca/collections/collection_2014/efpc-csps/SC84-2-5555-1008-73-2-eng.mp3 |
| 856 | 40|ahttp://publications.gc.ca|qMP3|s13.4 MB|uhttps://publications.gc.ca/collections/collection_2014/efpc-csps/SC84-2-5555-1008-73-p2-eng.mp3 |
| 856 | 40|ahttp://publications.gc.ca|qMP3|s3.88 MB|uhttps://publications.gc.ca/collections/collection_2014/efpc-csps/SC84-2-5555-1008-74-2-eng.mp3 |
| 856 | 40|ahttp://publications.gc.ca|qMP3|s5.33 MB|uhttps://publications.gc.ca/collections/collection_2014/efpc-csps/SC84-2-5555-1008-74-p2-eng.mp3 |
| 856 | 40|ahttp://publications.gc.ca|qMP3|s2.91 MB|uhttps://publications.gc.ca/collections/collection_2014/efpc-csps/SC84-2-5555-1008-74-3-eng.mp3 |
| 856 | 40|ahttp://publications.gc.ca|qMP3|s5.51 MB|uhttps://publications.gc.ca/collections/collection_2014/efpc-csps/SC84-2-5555-1008-75-eng.mp3 |
| 856 | 40|ahttp://publications.gc.ca|qMP3|s1.39 MB|uhttps://publications.gc.ca/collections/collection_2014/efpc-csps/SC84-2-5555-1008-76-eng.mp3 |
| 856 | 40|ahttp://publications.gc.ca|qMP3|s4.12 MB|uhttps://publications.gc.ca/collections/collection_2014/efpc-csps/SC84-2-5555-1008-76-p2-eng.mp3 |